Lectures on p-adic L-functions /
Guardado en:
| Autor Principal: | |
|---|---|
| Formato: | Libro |
| Idioma: | English |
| Publicado: |
Princeton, N.J. :
Princeton University Press,
1972.
|
| Series: | Annals of mathematics studies ;
no. 74 |
| Materias: | |
| Acceso en línea: | Google Book Search |
| Etiquetas: |
Agregar Etiqueta
Sin Etiquetas, Sea el primero en etiquetar este registro!
|
| LEADER | 00813cam a2200241 a 4500 | ||
|---|---|---|---|
| 001 | MAT.inmabb004355 | ||
| 008 | 720814s1972####nju######b####000#0#eng## | ||
| 005 | 20130228135311.0 | ||
| 245 | 1 | 0 | |a Lectures on p-adic L-functions / |c by Kenkichi Iwasawa. |
| 260 | |a Princeton, N.J. : |b Princeton University Press, |c 1972. | ||
| 300 | |a vii, 106 p. ; |c 24 cm. | ||
| 440 | 0 | |a Annals of mathematics studies ; |v no. 74 | |
| 504 | |a Bibliografía: p. 105-106. | ||
| 510 | 4 | |a MR, |c 50 #12974 | |
| 020 | |a 0691081123 | ||
| 100 | 1 | |a Iwasawa, Kenkichi, |d 1917- | |
| 650 | 0 | |a L-functions. | |
| 650 | 0 | |a Algebraic number theory. | |
| 084 | |a 12A70 (12B30) |2 MR | ||
| 010 | |a 78039058 | ||
| 040 | |a DLC |c DLC |d DLC | ||
| 856 | 4 | |u http://books.google.com/books?vid=ISBN0691081123 |y Google Book Search | |
| 859 | |h 12 |i Iw96 |p A-5498 |b BIB. MATEMATICA | ||
